| 000 | 01014nam a2200229 a 4500 | ||
|---|---|---|---|
| 001 | 000374299 | ||
| 003 | AM-YeHGA | ||
| 005 | 20250618072303.0 | ||
| 008 | 041027s1983 ai a||||r|||||||||1|arm|d | ||
| 040 | _aAM-YeHGA | ||
| 041 | 1 |
_aarm _hrus |
|
| 100 | 1 |
_aԳորկի, Մաքսիմ, _d1868-1936 _921 |
|
| 245 | 1 | 0 |
_aՊառավ Իզերգիլը : _bՊատմվածք / _cՄ. Գորկի ; Ռուս. թարգմ.՝ Մ. Արմեն ; Նկ.՝ Պ. Մալայան ; Խմբ.՝ Հ.Վ. Վարդանյան. |
| 260 |
_aԵրևան : _bՍովետական գրող, _c1983. |
||
| 300 |
_a34 էջ : _bգունանկ. ; _c26 սմ. |
||
| 650 | 1 | 0 |
_aՌուս մանկական գրականություն _xՊատմվածք |
| 700 | 1 |
_aՎարդանյան, Հայկ Վարդանի, _d1926-1995 _eխմբ. _4edt _92801 |
|
| 700 | 1 |
_aՄալայան, Պետրոս Հովհաննեսի, _d1927-1995 _eնկ. _4art _92677 |
|
| 700 | 1 |
_aԱրմեն, Մկրտիչ Գրիգորի, _d1906-1972 _eթարգմ. _4trl _9965 |
|
| 942 |
_2udc _cBK |
||
| 090 | _c144419 | ||
| 999 |
_c143038 _d143038 |
||